| 000 | 01356nam a2200385 c 4500 | ||
|---|---|---|---|
| 003 | BLK | ||
| 005 | 20240802154010.0 | ||
| 008 | 180409b bul|||||r ||||||| ||bul|| | ||
| 010 | _aKNG00136175000 | ||
| 020 |
_a978-0-19-479172-4 _bиздат.: Oxford Univ. Press |
||
| 040 | _aBLK | ||
| 041 |
_aENG _cENG |
||
| 072 | 7 |
_2bullib _aН80 _xЕзикознание Н |
|
| 080 |
_aАнглийски език _b811.111 _x(075.4) _z811.111(075.4) |
||
| 080 |
_aАнглийска литература _b821.111 _x-93-91 _z821.111-93-91 |
||
| 100 | 1 |
_aSutcliff, Rosemary _eпърви автор _925688 |
|
| 700 | 1 |
_aEscott, John _eretold by _99649 |
|
| 139 |
_aSutcliff, Rosemary _bS 95 |
||
| 245 | 1 | 0 |
_aThe Eagle of the Ninth _bStage 4 _cRosemary Sutcliff; retold by John Escott. |
| 257 | _aGBR | ||
| 260 |
_аOxford _bOxford Univ. Press _c2008 _fPrint. in China |
||
| 300 |
_a88 p. _c20 cm |
||
| 380 | _a80 | ||
| 490 | 1 | _aThriller Adventure | |
| 650 | 4 |
_aАнглийски език - текстове, адаптирани _9241528 |
|
| 653 | _aанглийски език | ||
| 653 | _aадаптирани книги | ||
| 659 | _aН | ||
| 852 | _aЦб 257056 | ||
| 856 | 4 |
_qpdf _u |
|
| 856 | 4 |
_qpdf _u |
|
| 942 |
_cKNG _n0 _01 |
||
| 944 |
_aCR _c14.11.2012 _lТеодора Пейчева-Дянкова _k30556 |
||
| 944 |
_aED _c16.01.2013 _lф / _k |
||
| 999 |
_c130410 _d130410 |
||